Apología (Record no. 8354)

MARC details
000 -CABECERA
campo de control de longitud fija 00718nam a2200253 a 4500
001 - NÚMERO DE CONTROL
campo de control BRCA_8701
003 - IDENTIFICADOR DEL NÚMERO DE CONTROL
campo de control FranzMayer
005 - FECHA Y HORA DE LA ÚLTIMA TRANSACCIÓN
campo de control 20230724144057.0
008 - DATOS DE LONGITUD FIJA--INFORMACIÓN GENERAL
campo de control de longitud fija 240117s1750----sp-#######---#000-0#spa-#
040 ## - FUENTE DE LA CATALOGACIÓN
Centro/agencia transcriptor MFM
041 ## - CÓDIGO DE LENGUA
Código de lengua del texto/banda sonora o título independiente spa
050 #4 - SIGNATURA TOPOGRÁFICA DE LA BIBLIOTECA DEL CONGRESO
Número de clasificación BE44
Número de documento/Ítem P54 1750
100 1# - ENTRADA PRINCIPAL--NOMBRE DE PERSONA
Nombre de persona N/A
9 (RLIN) 21678
245 10 - MENCIÓN DE TÍTULO
Título Apología
Resto del título al método de estudiar
Mención de responsabilidad, etc. 1750
300 ## - DESCRIPCIÓN FÍSICA
Extensión [2] 621 p. (t.5)
Dimensiones 20 x 15 cm.
500 ## - NOTA GENERAL
Nota general Sin portada
500 ## - NOTA GENERAL
Nota general Estado físico: con cintas rotas
650 14 - PUNTO DE ACCESO ADICIONAL DE MATERIA--TÉRMINO DE MATERIA
Término de materia o nombre geográfico como elemento de entrada Educación
Subdivisión cronológica Obras anteriores a 1800
9 (RLIN) 21679
700 1# - PUNTO DE ACCESO ADICIONAL--NOMBRE DE PERSONA
Nombre de persona Piedad, Arsenio de la
Títulos y otros términos asociados al nombre P. Fr.
9 (RLIN) 21680
700 1# - PUNTO DE ACCESO ADICIONAL--NOMBRE DE PERSONA
Nombre de persona Lacerda, Aletofilo Cándido de
9 (RLIN) 21681
700 1# - PUNTO DE ACCESO ADICIONAL--NOMBRE DE PERSONA
Nombre de persona Lisboense, Apolonio Filomuso
9 (RLIN) 21682
902 ## - CATALOGADOR
Iniciales CFM
942 ## - ELEMENTOS DE PUNTO DE ACCESO ADICIONAL (KOHA)
Fuente del sistema de clasificación o colocación Library of Congress Classification
Tipo de ítem Koha Libros
Holdings
Estado de retiro Estado de pérdida Fuente del sistema de clasificación o colocación Estado dañado No para préstamo Código de colección Localización permanente Ubicación/localización actual Fecha de adquisición Total de préstamos Signatura topográfica completa Código de barras Fecha visto por última vez Precio válido a partir de Tipo de ítem Koha
El ejemplar forma parte de la colección y puede ser consultado según las políticas vigentes.   Library of Congress Classification     Conventual Franz Mayer Biblioteca del Museo Franz Mayer (Rogerio Casas-Alatriste) Biblioteca del Museo Franz Mayer (Rogerio Casas-Alatriste) 24/01/2017   BE44 .1750 CFM00041 22/03/2019 22/03/2019 Libros